Situación y perspectivas: estudio económico de América Latina y El Caribe, 2001-2002

Gespeichert in:
Bibliographische Detailangaben
Körperschaft: CEPAL (VerfasserIn)
Format: Buch
Sprache:Spanisch
Veröffentlicht: Santiago CEPAL 2002
Santiago Naciones Unidas 2002
Ausgabe:1a. ed
Schlagworte:
Tags: Tag hinzufügen
Keine Tags, Fügen Sie den ersten Tag hinzu!

MARC

LEADER 00000cam a2200000 a 4500
001 UCJ9427
003 CL-VaPUC
008 070316e20020000cl |||||||||||||||||spa|d
020 |a 9213220499 
082 0 4 |a 338.98  |b CEP  |2 21 
110 2 |a CEPAL  |e author  |9 519436 
245 1 0 |a Situación y perspectivas: estudio económico de América Latina y El Caribe, 2001-2002 
250 |a 1a. ed 
300 |a 50 p 
942 |c BK 
945 |d 20070316 00:00:00  |a cmena 
260 |a Santiago  |b CEPAL  |c 2002 
260 |a Santiago  |b Naciones Unidas  |c 2002 
650 0 |a Desarrollo económico y social   |9 256320 
650 7 |a COMERCIO INTERNACIONAL  |2 CL-VaPUC  |9 519437 
650 0 |a Oferta y demanda  |9 255571 
650 7 |a BALANZA DE PRECIOS  |2 CL-VaPUC  |9 410144 
651 0 |a América Latina   |9 255027 
651 0 |a El Caribe  |9 341255 
583 |a last modification  |c 20130816 05:38:45  |k Rodrigo Vera 
999 |c 324952  |d 324950 
952 |0 0  |1 0  |4 0  |6 338_980000000000000_CEP_2002_2002  |7 0  |8 A  |9 405357  |a BIBING  |b BIBING  |d 2019-11-22  |i 426617K  |o 338.98 CEP 2002 2002  |p 426617K  |r 2025-01-20  |w 2019-11-22  |y BK  |k ING